| 000 | 00737cam a22002291 4500 | ||
|---|---|---|---|
| 001 | 3048 | ||
| 003 | BD-RjUL | ||
| 005 | 20211208233651.0 | ||
| 008 | 131218r19631961nyu b 001 0 eng | ||
| 035 | _a(BD-RjUL)3082 | ||
| 040 |
_aDLC _cCCC _dOCoLC _dUk _dDLC _dBD-RjUL _beng |
||
| 041 | _aeng | ||
| 082 |
_a332.67 _bNEC 1963 |
||
| 100 | 1 |
_aNevin, Edward. _99690 |
|
| 245 | 1 | 0 |
_aCapital funds in underdeveloped countries : _bthe role of financial institutions / _cEdward Nevin. |
| 260 |
_aNew York : _bSt. Martin's Press, _cc1961 [reprinted 1963]. |
||
| 300 |
_axv, 111 p. ; _c23 cm. |
||
| 504 | _aIncludes bibliographical reference and indexes. | ||
| 650 | 0 |
_aFinance _zDeveloping countries. _99405 |
|
| 942 |
_2ddc _cBK |
||
| 999 |
_c3048 _d3048 |
||